Financiamiento externo negativo: tendencias, consecuencias y opciones para América Latina /

sin resumen

محفوظ في:
التفاصيل البيبلوغرافية
المؤلف الرئيسي: Ffrench-Davis Muñoz, Ricardo (Autor)
التنسيق: غير معروف
اللغة:Spanish
الموضوعات:
الوسوم: إضافة وسم
لا توجد وسوم, كن أول من يضع وسما على هذه التسجيلة!

MARC

LEADER 00000 a2200000 04500
001 1929
003 cru IIS
005 20220215132448.0
008 220215b |||||||| |||| 00| 0 spa d
040 |c cru IIS 
100 1 |9 8178  |a Ffrench-Davis Muñoz, Ricardo  |e Autor 
245 |a Financiamiento externo negativo:   |b tendencias, consecuencias y opciones para América Latina /  |c Ricardo Ffrench Davis 
300 |a páginas 59-73 
520 |a sin resumen  
650 4 |9 3356  |a FINANCIAMIENTO EXTERIOR 
651 0 |9 17  |a AMERICA LATINA 
942 |2 ddc  |c LI 
999 |c 11466  |d 11466 
773 0 |0 44091  |9 6619  |d Caracas: Editorial Nueva Sociedad, 1987  |o MFN: 1925  |t Políticas de ajuste: